[Event "Koblenz-ch"]
[Site "Koblenz"]
[Date "2002.11.07"]
[Round "3"]
[White "Zhushi, Bajram"]
[Black "Kunze, Christian"]
[Result "0-1"]
[WhiteElo "1728"]
[BlackElo "1489"]
[PlyCount "146"]
[EventDate "2002.10.17"]
[EventType "swiss"]
[EventRounds "7"]
[EventCountry "GER"]
[SourceTitle "EXT 2005"]
[Source "ChessBase"]
[SourceDate "2004.11.15"]
[SourceVersion "1"]
[SourceVersionDate "2004.11.15"]
[SourceQuality "1"]

1. g3 Nf6 2. Bg2 e5 3. Nf3 Nc6 4. 0-0 Bc5 5. c3 a6 6. d4 exd4 7. cxd4 Ba7 8. e3 d5 9. Qb3 0-0 10. Nc3 Ne7 11. Nd2 Rb8 12. Qd1 Bg4 13. f3 Bf5 14. b3 c5 15. Ne2 Bd3 16. Bb2 Nf5 17. Nb1 Bxe2 18. Qxe2 cxd4 19. Qd3 Nxe3 20. Rc1 Qb6 21. Kh1 Nxg2 22. Kxg2 Rfe8 23. Rd1 Qe6 24. Rd2 Rbc8 25. Bxd4 Bxd4 26. Qxd4 Rc1 27. Na3 Re1 28. Rf2 Qc6 29. Rd1 R1e2 30. Rd2 Rxf2+ 31. Rxf2 Qc1 32. Nc2 Rc8 33. Ne3 Qc5 34. Qb2 Re8 35. Nf5 Qb6 36. Rd2 Qe6 37. g4 Qe5 38. Nd4 h5 39. Re2 Qg5 40. Rxe8+ Nxe8 41. h3 h4 42. Qf2 Qe5 43. Nf5 g5 44. Qd2 f6 45. Qb4 Qe2+ 46. Kg1 Qxf3 47. Qe7 Qd1+ 48. Kf2 Qd2+ 49. Kf3 Qf4+ 50. Kg2 Qe4+ 51. Kf1 Qxe7 52. Nxe7+ Kf7 53. Nxd5 Ke6 54. Ne3 Nd6 55. Kg2 b5 56. Nc2 a5 57. Kf3 Ke5 58. Na3 Kd4 59. Ke2 Kc3 60. Nb1+ Kb2 61. Nd2 Kxa2 62. Ke3 Kb2 63. Kd4 Kc2 64. Nc4 bxc4 65. bxc4 Nxc4 66. Kxc4 a4 67. Kb4 Kd3 68. Kxa4 Ke4 69. Kb3 f5 70. Kc2 fxg4 71. Kd2 Kf3 72. Ke1 Kg2 73. hxg4 h3 0-1